[Event "Praia op 2nd"]
[Site "Praia a Mare"]
[Date "2010.04.02"]
[Round "5"]
[White "Vacchiano, Salvatore"]
[Black "Gad, Alessandro"]
[Result "1/2-1/2"]
[WhiteElo "1551"]
[BlackElo "1605"]
[PlyCount "43"]
[EventDate "2010.03.31"]
[EventType "swiss"]
[EventRounds "5"]
[EventCountry "ITA"]
[SourceTitle "EXT 2023"]
[Source "ChessBase"]
[SourceDate "2022.10.05"]
[SourceVersion "1"]
[SourceVersionDate "2022.10.05"]
[SourceQuality "1"]

1. e4 e6 2. d4 d5 3. Nc3 Nf6 4. Bg5 Be7 5. e5 Nfd7 6. Bxe7 Qxe7 7. f4 a6 8. Qg4 g6 9. Nf3 c5 10. 0-0-0 Nc6 11. h4 h5 12. Qg3 b5 13. Bd3 c4 14. Bxg6 fxg6 15. Qxg6+ Qf7 16. Qg3 Bb7 17. Ng5 Qf5 18. Rhf1 Nb4 19. Rd2 Rg8 20. a3 Nc6 21. Qf3 Rxg5 22. hxg5 1/2-1/2

[Event "Costa Viola op 3rd"]
[Site "St Eufemia d'Aspromonte"]
[Date "2010.01.05"]
[Round "6"]
[White "Battaglia, Domenica"]
[Black "Vacchiano, Salvatore"]
[Result "1-0"]
[WhiteElo "1557"]
[BlackElo "1581"]
[PlyCount "45"]
[EventDate "2010.01.02"]
[EventType "swiss"]
[EventRounds "7"]
[EventCountry "ITA"]
[SourceTitle "EXT 2011"]
[Source "ChessBase"]
[SourceDate "2010.11.26"]
[SourceVersion "1"]
[SourceVersionDate "2010.11.26"]
[SourceQuality "1"]

1. e4 d6 2. Nf3 Nf6 3. Nc3 g6 4. Bc4 Bg7 5. d4 c6 6. 0-0 b5 7. Bb3 b4 8. e5 bxc3 9. exf6 Bxf6 10. bxc3 0-0 11. Bh6 Re8 12. Ng5 d5 13. Re1 e6 14. Nf3 Nd7 15. Ba4 Qb6 16. Rb1 Qa6 17. Bb3 Bb7 18. Bf4 c5 19. dxc5 Bxc3 20. Re3 Bg7 21. Bd6 Qa5 22. Ba4 Bc8 23. Bc6 1-0

[Event "Filadelfia op 1st"]
[Site "Filadelfia"]
[Date "2009.12.08"]
[Round "7"]
[White "Vacchiano, Salvatore"]
[Black "Violi, Vincenzo"]
[Result "0-1"]
[WhiteElo "1605"]
[BlackElo "1590"]
[PlyCount "23"]
[EventDate "2009.12.05"]
[EventType "swiss"]
[EventRounds "7"]
[EventCountry "ITA"]
[SourceTitle "EXT 2012"]
[Source "ChessBase"]
[SourceDate "2011.11.24"]
[SourceVersion "1"]
[SourceVersionDate "2011.11.24"]
[SourceQuality "1"]

1. e4 c5 2. Nf3 d6 3. d4 cxd4 4. Nxd4 Nf6 5. Nc3 a6 6. Bg5 Nbd7 7. Bc4 Qc7 8. Qe2 e6 9. f4 b5 10. Bb3 Bb7 11. 0-0-0 Nc5 12. Nd5 0-1

[Event "Filadelfia op 1st"]
[Site "Filadelfia"]
[Date "2009.12.05"]
[Round "1"]
[White "Vacchiano, Salvatore"]
[Black "Caizzone, Vito"]
[Result "1/2-1/2"]
[WhiteElo "1605"]
[BlackElo "2149"]
[PlyCount "45"]
[EventDate "2009.12.05"]
[EventType "swiss"]
[EventRounds "7"]
[EventCountry "ITA"]
[SourceTitle "EXT 2012"]
[Source "ChessBase"]
[SourceDate "2011.11.24"]
[SourceVersion "1"]
[SourceVersionDate "2011.11.24"]
[SourceQuality "1"]

1. d4 Nf6 2. c4 e6 3. Nf3 d5 4. Bg5 Be7 5. Nc3 0-0 6. Qc2 c6 7. e3 Nbd7 8. Bd3 h6 9. h4 hxg5 10. hxg5 Ne4 11. Nxe4 dxe4 12. Bxe4 Bb4+ 13. Ke2 f5 14. gxf6 Qxf6 15. Bg6 Rd8 16. Rh4 Bd6 17. Rah1 Kf8 18. Ne5 Nxe5 19. Rf4 Ng4 20. Rxf6+ Nxf6 21. e4 e5 22. c5 Be6 23. cxd6 1/2-1/2

[Event "Amantea op-B 7th"]
[Site "Amantea"]
[Date "2009.09.05"]
[Round "6"]
[White "Mancino, Roberta"]
[Black "Vacchiano, Salvatore"]
[Result "1-0"]
[WhiteElo "1721"]
[BlackElo "1539"]
[PlyCount "71"]
[EventDate "2009.08.31"]
[EventType "swiss"]
[EventRounds "8"]
[EventCountry "ITA"]
[SourceTitle "CBM 132 Extra"]
[Source "ChessBase"]
[SourceDate "2009.11.03"]
[SourceVersion "1"]
[SourceVersionDate "2009.11.03"]
[SourceQuality "1"]

1. c4 Nf6 2. g3 d6 3. Bg2 g6 4. Nc3 Bg7 5. e4 c6 6. Nge2 0-0 7. 0-0 Nbd7 8. h3 a6 9. a4 Ne5 10. d3 Qc7 11. Be3 Ne8 12. Rc1 f5 13. f4 Nd7 14. Qd2 Nc5 15. Bxc5 dxc5 16. e5 Be6 17. Qe3 Qb6 18. Rfd1 Rd8 19. Rb1 Nc7 20. b4 Rd7 21. bxc5 Qa7 22. a5 Rfd8 23. Rb4 Bf7 24. d4 Ne6 25. Na4 Qb8 26. Nb6 Rc7 27. Rbb1 Nf8 28. Nc3 e6 29. d5 exd5 30. cxd5 cxd5 31. Ncxd5 Bxd5 32. Nxd5 Rcd7 33. c6 Rc7 34. Nxc7 Rxd1+ 35. Rxd1 Qxc7 36. Qb3+ 1-0

[Event "Amantea op-B 7th"]
[Site "Amantea"]
[Date "2009.09.03"]
[Round "4"]
[White "Vacchiano, Salvatore"]
[Black "Russo, Carmelo"]
[Result "0-1"]
[WhiteElo "1539"]
[BlackElo "1705"]
[PlyCount "82"]
[EventDate "2009.08.31"]
[EventType "swiss"]
[EventRounds "8"]
[EventCountry "ITA"]
[SourceTitle "CBM 132 Extra"]
[Source "ChessBase"]
[SourceDate "2009.11.03"]
[SourceVersion "1"]
[SourceVersionDate "2009.11.03"]
[SourceQuality "1"]

1. d4 Nf6 2. c4 e6 3. Nf3 d5 4. Nc3 Bb4 5. a3 Bxc3+ 6. bxc3 c6 7. cxd5 exd5 8. e3 Bf5 9. Bd3 Bxd3 10. Qxd3 Qa5 11. Bd2 Ne4 12. 0-0 0-0 13. Be1 Qa4 14. Ne5 f6 15. Nf3 Nd7 16. Nh4 Rad8 17. f3 Nd6 18. Bd2 Qc4 19. Qc2 f5 20. e4 dxe4 21. Bf4 Nb5 22. Rac1 Nxa3 23. Qf2 exf3 24. Bd6 fxg2 25. Rfe1 Nb5 26. Bxf8 Rxf8 27. Re7 Nxc3 28. Rce1 Qd5 29. Re8 Ne4 30. Rxf8+ Nxf8 31. Qe3 g6 32. Nxg2 Ne6 33. Rd1 c5 34. Nf4 Nxf4 35. Qxf4 cxd4 36. Qb8+ Kg7 37. Qxa7 d3 38. Rc1 d2 39. Rc7+ Kh6 40. Qe3+ Ng5 41. h4 d1Q+ 0-1

[Event "Amantea op-B 7th"]
[Site "Amantea"]
[Date "2009.08.31"]
[Round "1"]
[White "Caporale, Giuseppe Guido"]
[Black "Vacchiano, Salvatore"]
[Result "1-0"]
[WhiteElo "1844"]
[BlackElo "1539"]
[PlyCount "53"]
[EventDate "2009.08.31"]
[EventType "swiss"]
[EventRounds "8"]
[EventCountry "ITA"]
[SourceTitle "CBM 132 Extra"]
[Source "ChessBase"]
[SourceDate "2009.11.03"]
[SourceVersion "1"]
[SourceVersionDate "2009.11.03"]
[SourceQuality "1"]

1. Nf3 Nf6 2. c4 d6 3. Nc3 g6 4. d4 Bg7 5. e4 0-0 6. Be2 Nbd7 7. Bf4 c5 8. d5 a6 9. Qd2 Re8 10. h3 Nb6 11. 0-0 Nh5 12. Bh2 Rf8 13. g4 Nf6 14. Bf4 Re8 15. Rfe1 Nfd7 16. Bf1 Ne5 17. Nxe5 Bxe5 18. Bxe5 dxe5 19. Rad1 Qd6 20. b3 f5 21. exf5 gxf5 22. gxf5 Bxf5 23. Qg5+ Bg6 24. Qxe5 Rad8 25. Re3 Qf6 26. Rde1 Rf8 27. Qxf6 1-0

[Event "Cosenza Province-ch"]
[Site "Aieta"]
[Date "2009.04.11"]
[Round "5"]
[White "Stoduto, Francescantonio"]
[Black "Vacchiano, Salvatore"]
[Result "0-1"]
[WhiteElo "1536"]
[BlackElo "1512"]
[PlyCount "62"]
[EventDate "2009.04.09"]
[EventType "swiss"]
[EventRounds "5"]
[EventCountry "ITA"]
[SourceTitle "EXT 2024"]
[Source "ChessBase"]
[SourceDate "2023.10.10"]
[SourceVersion "1"]
[SourceVersionDate "2023.10.10"]
[SourceQuality "1"]

1. e4 e5 2. c4 Nf6 3. d3 Bc5 4. Nf3 d6 5. Bg5 h6 6. Bh4 Nc6 7. Nc3 g5 8. Bg3 Nh5 9. Be2 Nxg3 10. hxg3 Qf6 11. Nd5 Qd8 12. Nh2 Nd4 13. Bh5 c6 14. Nc3 Qf6 15. Ne2 Ne6 16. f3 Nc7 17. a3 a5 18. b3 Be6 19. Bg4 0-0-0 20. Bxe6+ fxe6 21. Qd2 d5 22. b4 Ba7 23. b5 dxe4 24. Ng4 Qg7 25. Qxa5 Bc5 26. b6 Na6 27. Rd1 exd3 28. Nc1 e4 29. fxe4 Qd4 30. Kd2 Qxe4 31. Nb3 Qe2+ 0-1

[Event "Calabria Province-ch"]
[Site "San Fili"]
[Date "2007.06.08"]
[Round "1"]
[White "Vacchiano, Salvatore"]
[Black "Alvaro, Francesco"]
[Result "0-1"]
[WhiteElo "1509"]
[BlackElo "1428"]
[PlyCount "76"]
[EventDate "2007.06.08"]
[EventType "swiss"]
[EventRounds "5"]
[EventCountry "ITA"]
[SourceTitle "EXT 2010"]
[Source "ChessBase"]
[SourceDate "2010.11.25"]
[SourceVersion "1"]
[SourceVersionDate "2010.11.25"]
[SourceQuality "1"]

1. d4 Nf6 2. c4 e6 3. Nf3 d5 4. Nc3 Nc6 5. Bg5 Be7 6. cxd5 Nxd5 7. Bxe7 Ncxe7 8. e4 Nxc3 9. bxc3 Bd7 10. Rb1 Bc6 11. Bd3 0-0 12. Ne5 Qd6 13. Qh5 Ng6 14. Nc4 Qf4 15. g3 Qh6 16. Qxh6 gxh6 17. h4 f5 18. Nd2 fxe4 19. Nxe4 Rf3 20. Ke2 Raf8 21. Rhf1 b6 22. Nd2 R3f6 23. Nc4 Bg2 24. Ne5 Bxf1+ 25. Rxf1 Nxe5 26. dxe5 Rf3 27. Be4 Rxc3 28. Kd2 Rc5 29. f4 Rd8+ 30. Ke2 Rd4 31. Bd3 Ra5 32. Ke3 c5 33. f5 Ra3 34. Rd1 exf5 35. e6 Kf8 36. Ke2 Rxa2+ 37. Ke1 Rd5 38. Kf1 c4 0-1

[Event "Praia op 1st"]
[Site "Praia a Mare"]
[Date "2007.04.06"]
[Round "3"]
[White "Coristo, Giovanni"]
[Black "Vacchiano, Salvatore"]
[Result "1-0"]
[WhiteElo "1843"]
[BlackElo "1509"]
[PlyCount "57"]
[EventDate "2007.04.05"]
[EventType "swiss"]
[EventRounds "5"]
[EventCountry "ITA"]
[SourceTitle "EXT 2023"]
[Source "ChessBase"]
[SourceDate "2022.10.05"]
[SourceVersion "1"]
[SourceVersionDate "2022.10.05"]
[SourceQuality "1"]

1. e4 e6 2. d3 d5 3. exd5 exd5 4. Qe2+ Qe7 5. Be3 Be6 6. Nf3 c5 7. d4 c4 8. Nc3 a6 9. g3 Nf6 10. Bg2 h6 11. 0-0 Qb4 12. a3 Qb6 13. Qd2 Bd6 14. Ne5 0-0 15. f4 Nbd7 16. f5 Nxe5 17. dxe5 Bc5 18. Bxc5 Qxc5+ 19. Qf2 Qxf2+ 20. Rxf2 Ng4 21. Rf4 d4 22. Nd1 g5 23. Rxg4 Bxf5 24. Rxd4 Bxc2 25. Rxc4 Bb3 26. Rb4 Bc2 27. Ne3 Bg6 28. Ng4 Rae8 29. Nf6+ 1-0

[Event "CS Province-ch"]
[Site "Amantea"]
[Date "2007.01.07"]
[Round "4"]
[White "Nicoletta, Adamo"]
[Black "Vacchiano, Salvatore"]
[Result "0-1"]
[WhiteElo "1440"]
[BlackElo "1482"]
[PlyCount "52"]
[EventDate "2007.01.05"]
[EventType "swiss"]
[EventRounds "5"]
[EventCountry "ITA"]
[SourceTitle "EXT 2010"]
[Source "ChessBase"]
[SourceDate "2010.11.25"]
[SourceVersion "1"]
[SourceVersionDate "2010.11.25"]
[SourceQuality "1"]

1. e4 d6 2. Nc3 g6 3. Nf3 Bg7 4. d4 Nf6 5. Bc4 c6 6. h3 b5 7. Be2 b4 8. Na4 Nxe4 9. Bd3 d5 10. Nc5 Nxc5 11. dxc5 Qa5 12. 0-0 Qxc5 13. Be3 Qd6 14. Nd4 0-0 15. b3 e5 16. Nxc6 Nxc6 17. Rb1 Bb7 18. Qd2 Nd4 19. Rbc1 Bc8 20. c3 bxc3 21. Rxc3 Bxh3 22. Re1 Be6 23. Rec1 e4 24. Bxd4 Bxd4 25. Rc6 Qe5 26. Be2 e3 0-1

[Event "CS Province-ch"]
[Site "Amantea"]
[Date "2007.01.07"]
[Round "5"]
[White "Vacchiano, Salvatore"]
[Black "Felisio, Antonio"]
[Result "1-0"]
[WhiteElo "1482"]
[BlackElo "1455"]
[PlyCount "97"]
[EventDate "2007.01.05"]
[EventType "swiss"]
[EventRounds "5"]
[EventCountry "ITA"]
[SourceTitle "EXT 2010"]
[Source "ChessBase"]
[SourceDate "2010.11.25"]
[SourceVersion "1"]
[SourceVersionDate "2010.11.25"]
[SourceQuality "1"]

1. d4 Nf6 2. c4 e6 3. Nf3 b6 4. g3 Bb7 5. Bg2 Be7 6. d5 d6 7. dxe6 fxe6 8. Nc3 0-0 9. 0-0 c5 10. Ng5 Bxg2 11. Nxe6 Qc8 12. Nxf8 Qh3 13. f3 Kxf8 14. Rf2 Nc6 15. Rxg2 Re8 16. e4 Qe6 17. b3 a6 18. Bf4 Nh5 19. Be3 Qf7 20. Qd5 Ne5 21. Qxf7+ Kxf7 22. Rf1 Ke6 23. f4 Ng4 24. f5+ Kd7 25. Bf4 Nxf4 26. Rxf4 h5 27. Rd2 Bg5 28. Re2 Bxf4 29. gxf4 h4 30. Rg2 Ne3 31. Rxg7+ Re7 32. f6 Rf7 33. Rxf7+ Ke6 34. Rf8 b5 35. cxb5 axb5 36. Nxb5 c4 37. bxc4 Nxc4 38. Nc7+ Kd7 39. Nd5 Ne3 40. Nxe3 h3 41. Ra8 Ke6 42. Nd5 Kf7 43. Ra7+ Kf8 44. f5 Kg8 45. a4 Kf8 46. a5 Ke8 47. Rb7 Kd8 48. a6 Ke8 49. a7 1-0